Normal view
MARC view
Entry Personal Name
001 - CONTROL NUMBER
- control field: 61693
003 - CONTROL NUMBER IDENTIFIER
- control field: dpl
005 - DATE AND TIME OF LATEST TRANSACTION
- control field: 20240206104814.0
008 - FIXED-LENGTH DATA ELEMENTS
- fixed length control field: 240206|| aca||aabn | a|a d
040 ## - CATALOGING SOURCE
- Original cataloging agency: dpl
- Transcribing agency: dpl
100 ## - HEADING--PERSONAL NAME
- Personal name: वर्मा,अलका
670 ## - SOURCE DATA FOUND
- Source citation: Work cat.: (dpl)200225: वर्मा,अलका , कुछ तेरी कुछ मेरी बात/, 2022
